Central Library OPAC University of Rajshahi
Normal view MARC view

Entry Topical Term

Number of records used in: 1

001 - CONTROL NUMBER

  • control field: 4950

003 - CONTROL NUMBER IDENTIFIER

  • control field: BD-RjUL

005 - DATE AND TIME OF LATEST TRANSACTION

  • control field: 20220922154629.0

008 - FIXED-LENGTH DATA ELEMENTS

  • fixed length control field: 220922|| aca||aabn | a|a d

040 ## - CATALOGING SOURCE

  • Original cataloging agency: BD-RjUL
  • Transcribing agency: BD-RjUL

150 ## - HEADING--TOPICAL TERM

  • Topical term or geographic name entry element: Affecting
  • Form subdivision: Multivarate Analysis

670 ## - SOURCE DATA FOUND

  • Source citation: Work cat.: (BD-RjUL)80413: Islam, Md. Mogibul 4949, Factors Affecting Infant and Child Mortality in Bangladesh :, 2008